01281pab a2200181 454500008003600000100002000036245015100056300001400207520065300221650001400874700001700888700001900905773003600924908000600960909001000966999001700976952010600993180718b xxu||||| |||| 00| 0 eng d aKamra, Pawan K. aPeople's empowerment through panchayati raj institutions in Haryana: a study of male representatives in the working of Panchayati Raj Institutions ap.88-106. aEmpowering the people, of late, has become catch word with our National and State governments. Many efforts have been initiated since independence and one such major effort could easily be singled out is the induction of 73rd amendment Act. All talks about virtual People's Empowerment will remain in the air until the ground realities are recognized. the elected representatives of the local especially of the rural local bodies be empowered to provide good governance and empowerment. The effort through this Paper is to assess the People's empowerment in the State of Haryana in terms of Participation amongst male representatives. - Reproduced. aPanchayat aSharma, Puja aNagpal, Ritesh aResearch Journal Social Science aN a87071 c87071d87071 00104070aIIPAbIIPAd2018-07-19hVolume no: 16, Issue no: 2-3pAR87531r2018-07-19w2018-07-19yAR